| 000 | 01278nam a22003617a 4500 | ||
|---|---|---|---|
| 003 | CHAP | ||
| 005 | 20220329134418.0 | ||
| 008 | 971013s1982 r 00010 d | ||
| 010 | _a20145 | ||
| 011 | _a21117 | ||
| 035 | _a25206 | ||
| 040 | _cCHAP | ||
| 090 | _aTesis | ||
| 100 | 0 | 0 |
_aAragon Polanco, Fausto Ernesto. _96447 |
| 245 | _aEvaluación de familias de la población ICTA B-7 seleccionadas bajo condiciones drásticas de sequía | ||
| 260 |
_aGuatemala : _bEl autor, _c1982 |
||
| 300 | _a28 h | ||
| 502 | _aTesis (Ing. Agrónomo. Lic. en Ciencias Agrícolas) -- Universidad de San Carlos de Guatemala. Fac. de Agronomía | ||
| 590 |
_aALEPH _b10 _c20130110 _lUCH01 _h1243 |
||
| 590 |
_aBATCH-UPD _b10 _c20130110 _lUCH01 _h0305 |
||
| 590 |
_aBATCH-UPD _b10 _c20130110 _lUCH01 _h2051 |
||
| 590 |
_aBATCH-UPD _b10 _c20130409 _lUCH01 _h2337 |
||
| 590 |
_aBATCH-UPD _b10 _c20130410 _lUCH01 _h1404 |
||
| 590 |
_aBATCH-UPD _b10 _c20130914 _lUCH01 _h1749 |
||
| 590 |
_aCONVERSION _b10 _c20130109 _lUCH01 _h1312 |
||
| 650 | 1 | 4 |
_aMaíz _xGuatemala. _970970 |
| 650 | 1 | 4 |
_aMaíz _xHumedad. _970976 |
| 650 | 1 | 4 |
_aMaíz _xRendimiento. _971051 |
| 650 | 1 | 4 |
_aMaíz _xResistencia a sequía. _971053 |
| 901 | _aBK | ||
| 942 | _cTESIS | ||
| 949 |
_bBC _cTES _d-58103 _eTS1 _gI.c/e _h20541 _i25206 _si |
||
| 999 |
_c20145 _d20145 |
||